|
|
|
|
| LEADER |
00000cam a2200000 7i4500 |
| 001 |
0000005512 |
| 005 |
20220105104012.0 |
| 008 |
070806 |
| 020 |
|
|
|a 1844223957
|
| 090 |
0 |
0 |
|a JP
|b EL ENG (4844)
|
| 100 |
1 |
|
|a Murray, W.
|
| 245 |
1 |
0 |
|a 6c :
|b Reading with sound
|c Written by W. Murray; illustrated by M. Aitchison
|
| 260 |
|
|
|a London :
|b Ladybird
|
| 440 |
|
0 |
|a Key words with Ladybird
|
| 500 |
|
|
|a Children age 4-6 years old (yellow)
|
| 650 |
|
0 |
|a Early learning
|
| 650 |
|
0 |
|a Junior preschool
|x English
|x Languages
|
| 700 |
1 |
|
|a Wingfield, J.H.
|
| 710 |
0 |
|
|a Title
|
| 999 |
|
|
|a 0000894155
|b Book
|c Children Collection
|e Cawangan Tmn. Ungku Tun Aminah
|
| 999 |
|
|
|a 0000894160
|b Book
|c Children Collection
|e Cawangan Bandar Penawar
|
| 999 |
|
|
|a 0000894161
|b Book
|c Children Collection
|e Cawangan Segamat
|
| 999 |
|
|
|a 0000894163
|b Book
|c Children Collection
|e Cawangan Tmn. Ungku Tun Aminah
|
| 999 |
|
|
|a 0000894166
|b Book
|c Children Collection
|e Cawangan Mersing
|
| 999 |
|
|
|a 0000979748
|b Book
|c Children Collection
|e Cawangan Sri Merlong
|
| 999 |
|
|
|a 0000979750
|b Book
|c Children Collection
|e Perbadanan Perpustakaan Awam Johor
|
| 999 |
|
|
|a 0000979752
|b Book
|c Children Collection
|e Perbadanan Perpustakaan Awam Johor
|